[Event "Arco op 41st"]
[Site "Arco"]
[Date "2019.10.12"]
[Round "9"]
[White "Papale, Carmelo"]
[Black "Bolzoni, Massimo"]
[Result "1/2-1/2"]
[WhiteElo "1816"]
[BlackElo "1641"]
[PlyCount "70"]
[EventDate "2019.10.04"]
[EventType "swiss"]
[EventRounds "9"]
[EventCountry "ITA"]
[SourceTitle "EXT 2021"]
[Source "ChessBase"]
[SourceDate "2020.10.23"]
[SourceVersion "1"]
[SourceVersionDate "2020.10.23"]
[SourceQuality "1"]

1. e4 c5 2. Nf3 g6 3. d3 Bg7 4. g3 Nc6 5. Bg2 e6 6. 0-0 Nge7 7. Nbd2 0-0 8. Re1 d5 9. e5 Qc7 10. Qe2 b6 11. Nf1 h6 12. h4 Ba6 13. c3 b5 14. Bf4 c4 15. N1h2 cxd3 16. Qxd3 Rad8 17. Ng4 Nf5 18. Rad1 Qb6 19. Qd2 d4 20. Rc1 h5 21. Nh6+ Nxh6 22. Bxh6 dxc3 23. bxc3 Ne7 24. Bxg7 Kxg7 25. Ng5 Nf5 26. Ne4 Bb7 27. Qg5 Bxe4 28. Bxe4 Nh6 29. Kg2 Qc7 30. Qf6+ Kh7 31. f3 a6 32. Rcd1 Qxc3 33. Rxd8 Rxd8 34. Qxd8 Qxe1 35. Qd7 Qe2+ 1/2-1/2

[Event "Milan Cappello Memorial"]
[Site "Milan"]
[Date "2015.05.14"]
[Round "2"]
[White "Ricciardi, Arcangelo"]
[Black "Papale, Carmelo"]
[Result "0-1"]
[WhiteElo "1737"]
[BlackElo "1794"]
[PlyCount "90"]
[EventDate "2015.05.12"]
[EventType "swiss"]
[EventRounds "8"]
[EventCountry "ITA"]
[SourceTitle "EXT 2017"]
[Source "ChessBase"]
[SourceDate "2016.10.25"]
[SourceVersion "1"]
[SourceVersionDate "2016.10.25"]
[SourceQuality "1"]

1. e4 c5 2. Nf3 d6 3. d4 cxd4 4. Nxd4 Nf6 5. Nc3 a6 6. Bd3 e5 7. Nf3 Be7 8. 0-0 Nc6 9. a3 Bg4 10. h3 Bh5 11. Be3 0-0 12. Nd5 b5 13. Re1 Rc8 14. Nb6 Rb8 15. Nd5 Re8 16. b3 Bf8 17. Bg5 Be7 18. g4 Bg6 19. Bxf6 Bxf6 20. c3 h6 21. a4 Re6 22. b4 Ne7 23. axb5 axb5 24. Ra5 Nxd5 25. exd5 Re7 26. Bxb5 Qb6 27. Qd2 Rc7 28. Rea1 Kh7 29. Bc6 Rcc8 30. Ra6 Qd8 31. b5 Be4 32. Qe3 Bg6 33. b6 e4 34. Nd4 Rxb6 35. Ra8 Bxd4 36. Qxd4 Rbxc6 37. dxc6 Rxa8 38. Rxa8 Qxa8 39. c7 Qc6 40. Qa7 e3 41. fxe3 Qxc3 42. Kf2 Qc2+ 43. Kg3 Be4 44. c8Q Qg2+ 45. Kh4 g5+ 0-1

[Event "Milan Molinari Memorial 6th"]
[Site "Milan"]
[Date "2012.10.25"]
[Round "2"]
[White "Bemporad, Filippo"]
[Black "Papale, Carmelo"]
[Result "1-0"]
[WhiteElo "2040"]
[BlackElo "1865"]
[PlyCount "51"]
[EventDate "2012.10.24"]
[EventType "swiss"]
[EventRounds "6"]
[EventCountry "ITA"]
[SourceTitle "EXT 2014"]
[Source "ChessBase"]
[SourceDate "2013.11.20"]
[SourceVersion "1"]
[SourceVersionDate "2013.11.20"]
[SourceQuality "1"]

1. d4 Nf6 2. Nf3 g6 3. c4 c5 4. g3 Bg7 5. Bg2 0-0 6. 0-0 d6 7. b3 Nc6 8. Bb2 Bf5 9. d5 Nb4 10. Nbd2 Qd7 11. a3 Na6 12. Re1 Bh3 13. Bh1 h6 14. Qc2 Nc7 15. Ne4 Ng4 16. Bxg7 Kxg7 17. Qc3+ Kg8 18. Bg2 Bxg2 19. Kxg2 f5 20. Ned2 f4 21. h3 Ne5 22. Nxe5 dxe5 23. Qxe5 Rf5 24. Qe4 Rg5 25. g4 Rf8 26. Nf3 1-0

[Event "Milan Molinari Memorial 5th"]
[Site "Milan"]
[Date "2011.10.28"]
[Round "1"]
[White "Gongalov, Bojan"]
[Black "Papale, Carmelo"]
[Result "1-0"]
[WhiteElo "2084"]
[BlackElo "1865"]
[PlyCount "129"]
[EventDate "2011.10.28"]
[EventType "swiss"]
[EventRounds "6"]
[EventCountry "ITA"]
[SourceTitle "EXT 2014"]
[Source "ChessBase"]
[SourceDate "2013.11.20"]
[SourceVersion "1"]
[SourceVersionDate "2013.11.20"]
[SourceQuality "1"]

1. Nf3 Nf6 2. g3 g6 3. Bg2 Bg7 4. 0-0 d6 5. d4 0-0 6. c4 Nbd7 7. h3 h6 8. Qc2 c5 9. Rd1 cxd4 10. Nxd4 Nc5 11. b4 Ne6 12. Nxe6 Bxe6 13. Bb2 Qc8 14. Nd2 Bxh3 15. Bf3 Ng4 16. Bxg7 Kxg7 17. Qb2+ Kh7 18. Rac1 Qf5 19. Ne4 Rac8 20. Rd5 Ne5 21. Nd2 Rxc4 22. Bh1 Rxc1+ 23. Qxc1 Rc8 24. Qa1 Qf6 25. Qd1 Ng4 26. Bf3 Qb2 27. Nb3 Rc2 28. Rd2 Rxd2 29. Qxd2 Qxd2 30. Nxd2 b6 31. Bb7 Ne5 32. f4 Nd7 33. Kf2 Kg7 34. Ne4 Be6 35. Nc3 a5 36. a3 axb4 37. axb4 Bc4 38. Ke3 e5 39. Bc6 exf4+ 40. gxf4 Nb8 41. Bb7 Na6 42. Kd4 b5 43. Bxa6 Kf6 44. Ne4+ Ke7 45. e3 Kd7 46. Bb7 h5 47. Bd5 Bxd5 48. Kxd5 h4 49. Ng5 f6 50. Nh3 Ke7 51. Kc6 Ke6 52. Kxb5 Kf5 53. Kc4 g5 54. b5 g4 55. Nf2 g3 56. Nh3 Ke6 57. b6 Kd7 58. Kd5 g2 59. e4 f5 60. exf5 Kc8 61. f6 Kb7 62. f7 g1Q 63. Nxg1 h3 64. Nxh3 Kxb6 65. f8Q 1-0

[Event "Milan SSM op"]
[Site "Milan"]
[Date "2011.07.30"]
[Round "2"]
[White "Bisignano, Giuseppe"]
[Black "Papale, Carmelo"]
[Result "0-1"]
[WhiteElo "1921"]
[BlackElo "1873"]
[PlyCount "51"]
[EventDate "2011.07.29"]
[EventType "swiss"]
[EventRounds "7"]
[EventCountry "ITA"]
[SourceTitle "EXT 2014"]
[Source "ChessBase"]
[SourceDate "2013.11.20"]
[SourceVersion "1"]
[SourceVersionDate "2013.11.20"]
[SourceQuality "1"]

1. e4 c5 2. Nf3 d6 3. d4 cxd4 4. Nxd4 Nf6 5. Nc3 a6 6. h3 e5 7. Nb3 Be6 8. Be3 Be7 9. Be2 0-0 10. 0-0 Nbd7 11. f4 Rc8 12. f5 Bc4 13. Nd2 Bxe2 14. Qxe2 b5 15. Rad1 b4 16. Na4 Qa5 17. b3 Rxc2 18. Qd3 Rfc8 19. Nf3 Qb5 20. Bg5 Qxd3 21. Rxd3 Rxa2 22. Bxf6 Nxf6 23. Rd2 Rcc2 24. Rfd1 Nd7 25. g3 Kf8 26. h4 0-1

[Event "Milan Crespi op-B 29th"]
[Site "Milan"]
[Date "2008.12.07"]
[Round "5"]
[White "Papale, Carmelo"]
[Black "Fizzotti, Mario"]
[Result "0-1"]
[WhiteElo "1889"]
[BlackElo "1795"]
[PlyCount "88"]
[EventDate "2008.12.05"]
[EventType "swiss"]
[EventRounds "7"]
[EventCountry "ITA"]
[SourceTitle "EXT 2010"]
[Source "ChessBase"]
[SourceDate "2010.11.25"]
[SourceVersion "1"]
[SourceVersionDate "2010.11.25"]
[SourceQuality "1"]

1. e4 e5 2. Nf3 Nf6 3. d3 Nc6 4. Nbd2 d5 5. g3 Bc5 6. Bg2 0-0 7. 0-0 dxe4 8. dxe4 Qe7 9. Qe2 Bg4 10. c3 Qd7 11. Rd1 Rad8 12. b4 Bxb4 13. cxb4 Nd4 14. Qd3 Nxf3+ 15. Nxf3 Qxd3 16. Rxd3 Rxd3 17. Be3 Rfd8 18. h3 Rd1+ 19. Rxd1 Rxd1+ 20. Kh2 Bxf3 21. Bxf3 Ra1 22. Bxa7 b6 23. Bb8 Rxa2 24. Bxc7 Rxf2+ 25. Bg2 Nd7 26. Kg1 Rc2 27. Bd6 Rc6 28. Be7 f6 29. Bf1 Kf7 30. b5 Rc3 31. Bb4 Rxg3+ 32. Kf2 Rg5 33. Be2 f5 34. h4 Rg6 35. Bh5 fxe4 36. Ke3 Nf6 37. Bxg6+ Kxg6 38. Bd6 Kf5 39. Bf8 g6 40. Ke2 Nd5 41. Bh6 Nc3+ 42. Kf2 Nxb5 43. Be3 Nd4 44. Ke1 Nc2+ 0-1

[Event "Milan Crespi op-A 28th"]
[Site "Milan"]
[Date "2007.12.07"]
[Round "3"]
[White "Papale, Carmelo"]
[Black "Arboscelli, Gregorio"]
[Result "1/2-1/2"]
[WhiteElo "1899"]
[BlackElo "1913"]
[PlyCount "144"]
[EventDate "2007.12.05"]
[EventType "swiss"]
[EventRounds "7"]
[EventCountry "ITA"]
[SourceTitle "EXT 2009"]
[Source "ChessBase"]
[SourceDate "2008.11.26"]
[SourceVersion "1"]
[SourceVersionDate "2008.11.26"]
[SourceQuality "1"]

1. e4 e5 2. Nf3 Nc6 3. Bb5 a6 4. Ba4 Nf6 5. 0-0 Be7 6. Re1 b5 7. Bb3 d6 8. c3 0-0 9. h3 Nb8 10. d4 Nbd7 11. Nbd2 Bb7 12. Bc2 Re8 13. Nf1 Bf8 14. Ng3 g6 15. a4 c5 16. Bd2 h6 17. Bd3 c4 18. Bc2 Kh7 19. Kh1 Bg7 20. b3 Qc7 21. b4 bxa4 22. Rxa4 d5 23. Ra5 dxe4 24. Nxe4 Nxe4 25. Bxe4 exd4 26. Nxd4 Bxd4 27. cxd4 Kg7 28. Bxb7 Qxb7 29. Rxe8 Rxe8 30. Qc1 Rc8 31. Bxh6+ Kg8 32. Qc3 Kh7 33. Bf4 Qe4 34. Be3 Nb6 35. Re5 Qb1+ 36. Kh2 Na4 37. Qa3 Qb3 38. Bc1 Qxa3 39. Bxa3 c3 40. d5 Nb6 41. Re7 Kg7 42. d6 Nd5 43. Re5 Nf6 44. Rc5 Rd8 45. Rxc3 Rxd6 46. b5 Re6 47. bxa6 Rxa6 48. Bb2 Rb6 49. Ba1 Ra6 50. Bb2 Rb6 51. Rc2 Kg8 52. Rc8+ Kg7 53. Bd4 Rd6 54. Bc3 g5 55. Kg3 Rd3+ 56. f3 Rd6 57. Kf2 Kg6 58. Be5 Re6 59. Bd4 Rd6 60. Bc3 Re6 61. Rc5 Nd7 62. Rd5 Nb6 63. Rd8 f6 64. Rd4 Rc6 65. Bb4 Nc4 66. h4 Ne5 67. hxg5 fxg5 68. Rd5 Nf7 69. Kg3 Re6 70. Bd2 Rc6 71. Be3 Re6 72. Bd4 Rc6 1/2-1/2